| 000 | 00747nam a2200241Ia 4500 | ||
|---|---|---|---|
| 003 | OSt | ||
| 005 | 20220926012134.0 | ||
| 006 | a|||||r|||| 00| 0 | ||
| 007 | ta | ||
| 008 | 220923b |||||||| |||| 00| 0 eng d | ||
| 020 |
_a0465026818 _cRs50.00 |
||
| 037 |
_b30379dt, 07/01/1986, IBD _cGeneral Book |
||
| 040 |
_aRTL _cRTL _beng |
||
| 041 |
_2eng _aeng |
||
| 082 | _aX755.1(X)ok73.N8, M4 | ||
| 100 |
_aMakin John H _9315591 |
||
| 245 | 0 |
_aGlobal debt crisis _b America's growing involvement |
|
| 260 |
_aNew York _bBasic Books USA _c1974 |
||
| 300 |
_axiv, 281p _ccm. |
||
| 650 | _aForeign Loan | ||
| 942 |
_hX755.1(X)ok73.N8, M4 _cGB _2CC |
||
| 999 |
_c621833 _d621833 |
||